The RICS homebuyer survey and valuation service 2005 (Record no. 103640)

MARC details
000 -LEADER
fixed length control field 01562cam a2200301 4500
001 - CONTROL NUMBER
control field L126709
008 - FIXED-LENGTH DATA ELEMENTS--GENERAL INFORMATION
fixed length control field #DATE s2005 000 0 eng u
020 ## - INTERNATIONAL STANDARD BOOK NUMBER
International Standard Book Number 1842191969
035 ## - SYSTEM CONTROL NUMBER
System control number (Sirsi) u126709
041 0# - LANGUAGE CODE
Language code of text/sound track or separate title eng
050 04 - LIBRARY OF CONGRESS CALL NUMBER
Classification number 333.332 $2 18
110 2# - MAIN ENTRY--CORPORATE NAME
Corporate name or jurisdiction name as entry element Royal Institution of Chartered Surveyors
9 (RLIN) 4900
245 04 - TITLE STATEMENT
Title The RICS homebuyer survey and valuation service 2005
Remainder of title HSV practice notes
250 ## - EDITION STATEMENT
Edition statement 2nd ed.
260 ## - PUBLICATION, DISTRIBUTION, ETC.
Place of publication, distribution, etc. London
Name of publisher, distributor, etc. RICS
Date of publication, distribution, etc. 2005
300 ## - PHYSICAL DESCRIPTION
Extent iv, 50p.
Dimensions 30cm.
350 ## - PRICE (NR) (BK AM CF MU VM SE) [OBSOLETE]
Price 20
490 #0 - SERIES STATEMENT
Series statement RICS Practice Notes
520 ## - SUMMARY, ETC.
Summary, etc. Withdrawn 31 March 2010. Superseded by Homebuyer report 2009 3rd edition (ISBN 9781842194591).
520 ## - SUMMARY, ETC.
Summary, etc. Describes the professional obligations incumbent on all surveyors undertaking a HSV report and gives precise instructions on how to complete a HSV correctly. It comprises the following parts: Part A: practice notes; Part B: documentation; Part C: report form and checklists and Part D: appendices. The Practice Notes include all the material relating to the "RICS Homebuyer Survey and Valuation (HSV) Service", which is referred to in UKPS 4.1 of the "RICS Appraisal and Valuation Standards" 5th edition (ISBN 1842191233).
520 ## - SUMMARY, ETC.
Summary, etc. Supersedes first English and Welsh (ISBN 0854068414) and Scottish (ISBN 085406978X) editions.
650 24 - SUBJECT ADDED ENTRY--TOPICAL TERM
Topical term or geographic name entry element RICS HOMEBUYER SURVEY AND VALUATION
650 24 - SUBJECT ADDED ENTRY--TOPICAL TERM
Topical term or geographic name entry element RICS appraisal and valuation standards
651 #4 - SUBJECT ADDED ENTRY--GEOGRAPHIC NAME
Geographic name GREAT BRITAIN
690 ## - LOCAL SUBJECT ADDED ENTRY--TOPICAL TERM (OCLC, RLIN)
Topical term or geographic name as entry element PROPERTY-RESIDENTIAL PROPERTY-RESIDENTIAL PROPERTY APPRAISAL AND VALUATION
942 ## - ADDED ENTRY ELEMENTS (KOHA)
Suppress in OPAC 0
Holdings
Withdrawn status Lost status Source of classification or shelving scheme Damaged status Not for loan Home library Current library Shelving location Date acquired Total Checkouts Full call number Barcode Date last seen Copy number Price effective from Koha item type Date last checked out
    Dewey Decimal Classification     London London RICS Boxes 18/02/2005   RICS 2005/01 30069702 06/08/2019 1 06/08/2019 Archive  
    Dewey Decimal Classification     London London RICS Boxes 18/02/2005   RICS 2005/01 30069703 06/08/2019 2 06/08/2019 Reference material  
    Dewey Decimal Classification     London London RICS Boxes 18/02/2005 24 RICS 2005/01 30069707 06/08/2019 4 06/08/2019 Book 24/03/2009